000 00348nam a2200157Ia 4500
100 _aKothari/D.P/ Umashankar/S
650 _awind energy
942 _cBK
366 _f25
654 _awind energy
245 _aWind energy systems and applications
260 _bNarosa
_c2014
082 _bKOT
546 _aENGLISH
_cPAMPHALETS
999 _c33676
_d33676